Taylor Swift - The Fate of Ophelia (Lyrics) - Statistics

General Stats
  • This quiz has been taken 14 times
  • The average score is 363 of 464
Answer Stats
Lyrics % Correct
fate
100%
of
100%
Ophelia
100%
(Ophelia)
100%
ophelia
100%
the
100%
The
100%
(The
100%
a
93%
(A
93%
And
93%
and
93%
I
93%
(I)
93%
(I
93%
me
93%
(Me),
93%
me)
93%
my
93%
No
93%
on
93%
see
93%
(See
93%
to
93%
you
93%
You
93%
your
93%
(Your
93%
all
86%
All
86%
all)
86%
alone
86%
be
86%
can
86%
in
86%
it,
86%
it
86%
never
86%
tower
86%
were
86%
where
86%
calling
79%
'cause
79%
('Cause
79%
eldest
79%
heard
79%
heart
79%
if
79%
It's
79%
just
79%
megaphone
79%
night
79%
Now
79%
now
79%
(Now)
79%
now)
79%
one
79%
powers
79%
time
79%
you're
79%
come
71%
(Come
71%
daughter
71%
Don't
71%
fantasy
71%
for
71%
from
71%
hands,
71%
hands
71%
hands),
71%
inside
71%
locked
71%
Locked
71%
memory
71%
mine
71%
only
71%
Pledge
71%
sat
71%
sky
71%
that
71%
because
64%
been
64%
(Been)
64%
(been)
64%
been)
64%
'bout
64%
came
64%
care
64%
dug
64%
grave
64%
has
64%
hell
64%
honing
64%
hundred
64%
Keep
64%
key
64%
land
64%
(Land),
64%
lit
64%
lived
64%
loyalty
64%
myself
64%
(Myself),
64%
nobleman
64%
out
64%
possess
64%
Saved
64%
saved
64%
sea
64%
(Sea),
64%
sea),
64%
sleepless
64%
swore
64%
team,
64%
vibes
64%
wanna
64%
you'd
64%
you've
64%
(You've
64%
are
57%
before
57%
But
57%
dreaming
57%
drowned
57%
Late
57%
lingered
57%
longer
57%
melancholy,
57%
purgatory
57%
pyro
57%
quite
57%
Right
57%
allegiance
50%
As
50%
drowning
50%
her
50%
legend
50%
match
50%
might've
50%
'Tis
50%
up
50%
watch
50%
around
43%
blow
43%
deceived
43%
fire
43%
like
43%
love
43%
was
43%
vine
36%
vine)
36%
wrap
36%
bed
29%
chain
29%
chain),
29%
cold
29%
full
29%
into
29%
sanity
29%
scorpions
29%
stole
29%
venom
29%
crown
21%
crown),
21%
Pulling
21%
you'vebeen
14%
liht
7%
No matching quizzes found
Score Distribution
Percent of People with Each Score
Percentile by Number Answered
Your Score History
You have not taken this quiz